000 00942 a2200193 4500
003 Nust
005 20221226090054.0
020 _a9693504933
040 _cNust
082 _a340.59,RUM
100 _aRumsey, Alarmic
_9105837
245 _aMohammadan Law of Inheritance /
_cAlarmic Rumsey
260 _aLahore
_bSang-e-Meel Publications
_c1994
300 _axxviii, 420 p
_billus
_c24 cm
505 _aObject And Scope Of The Work (Page-1), Rules, Definitions And Explanations (Page-6), Of Shares And Their Respective Shares (Page-17), Of Residuaries (Page-25), Of Distant Kindred (Page-56), Of Division Of The Property Among Distant Kindred (Page-91), Of The Increase And Return (Page-110), Of Vested Inheritances (Page-120), Special Rights And Disabilities (Page-143), Of Marriage (Page-292), Of Dower (Page-344).
600 _aRumsey, Alarmic
_9105837
650 _aMohammadan Law of Inheritance
_9105838
942 _2ddc
_cBK
_k340.59,RUM
999 _c184592
_d184592